<?xml version="1.0" encoding="UTF-8"?>
<record
    xmlns:xsi="http://www.w3.org/2001/XMLSchema-instance"
    xsi:schemaLocation="http://www.loc.gov/MARC21/slim http://www.loc.gov/standards/marcxml/schema/MARC21slim.xsd"
    xmlns="http://www.loc.gov/MARC21/slim">

  <leader>00885nam a22002657a 4500</leader>
  <controlfield tag="001">8867</controlfield>
  <controlfield tag="003">FISKH</controlfield>
  <controlfield tag="005">20251117135335.0</controlfield>
  <controlfield tag="008">251024b        cb ||||| |||| 00| 0 eng d</controlfield>
  <datafield tag="020" ind1=" " ind2=" ">
    <subfield code="a">9780516273761</subfield>
  </datafield>
  <datafield tag="040" ind1=" " ind2=" ">
    <subfield code="a">FISKH</subfield>
    <subfield code="b">eng</subfield>
    <subfield code="c">FISKH</subfield>
    <subfield code="d">FISKH</subfield>
  </datafield>
  <datafield tag="050" ind1=" " ind2=" ">
    <subfield code="a">E176 .M19</subfield>
  </datafield>
  <datafield tag="082" ind1=" " ind2=" ">
    <subfield code="a">394.261</subfield>
  </datafield>
  <datafield tag="100" ind1=" " ind2=" ">
    <subfield code="a">Marx, David F. </subfield>
    <subfield code="e">Author </subfield>
  </datafield>
  <datafield tag="245" ind1=" " ind2=" ">
    <subfield code="a">Presidents' day :</subfield>
    <subfield code="b">Rookie read-about holidays /</subfield>
    <subfield code="c">By David F. Marx </subfield>
  </datafield>
  <datafield tag="260" ind1=" " ind2=" ">
    <subfield code="a">New York : </subfield>
    <subfield code="b">Children's Press , </subfield>
    <subfield code="c">2002</subfield>
  </datafield>
  <datafield tag="300" ind1=" " ind2=" ">
    <subfield code="a">31 pages : </subfield>
    <subfield code="b">color illustrations ; </subfield>
    <subfield code="c">18 cm </subfield>
  </datafield>
  <datafield tag="505" ind1=" " ind2=" ">
    <subfield code="a">P
</subfield>
  </datafield>
  <datafield tag="520" ind1=" " ind2=" ">
    <subfield code="a">Discusses the holiday known as Presidents' Day and the significant achievements of those presidents whom it honors, George Washington and Abraham Lincoln.</subfield>
  </datafield>
  <datafield tag="521" ind1="8" ind2=" ">
    <subfield code="a">630
</subfield>
    <subfield code="b">Lexile
</subfield>
  </datafield>
  <datafield tag="521" ind1="8" ind2=" ">
    <subfield code="a">P
</subfield>
    <subfield code="b">Raz-Plus
</subfield>
  </datafield>
  <datafield tag="650" ind1=" " ind2=" ">
    <subfield code="a">Holidays</subfield>
    <subfield code="v">February - President's day</subfield>
  </datafield>
  <datafield tag="942" ind1=" " ind2=" ">
    <subfield code="2">ddc</subfield>
    <subfield code="c">BK</subfield>
    <subfield code="n">0</subfield>
  </datafield>
  <datafield tag="999" ind1=" " ind2=" ">
    <subfield code="c">8867</subfield>
    <subfield code="d">8867</subfield>
  </datafield>
  <datafield tag="952" ind1=" " ind2=" ">
    <subfield code="0">0</subfield>
    <subfield code="1">0</subfield>
    <subfield code="2">ddc</subfield>
    <subfield code="4">0</subfield>
    <subfield code="7">0</subfield>
    <subfield code="a">002</subfield>
    <subfield code="b">002</subfield>
    <subfield code="c">TTP Yellow </subfield>
    <subfield code="d">2025-10-24</subfield>
    <subfield code="l">2</subfield>
    <subfield code="o">MAR 394.261 E176 .M19</subfield>
    <subfield code="p">FISTK03235</subfield>
    <subfield code="r">2026-03-31 14:56:11</subfield>
    <subfield code="s">2026-03-02</subfield>
    <subfield code="t">1</subfield>
    <subfield code="w">2025-10-24</subfield>
    <subfield code="y">BK</subfield>
  </datafield>
  <datafield tag="952" ind1=" " ind2=" ">
    <subfield code="0">0</subfield>
    <subfield code="1">0</subfield>
    <subfield code="2">ddc</subfield>
    <subfield code="4">0</subfield>
    <subfield code="7">0</subfield>
    <subfield code="a">002</subfield>
    <subfield code="b">002</subfield>
    <subfield code="c">TTP Yellow </subfield>
    <subfield code="d">2025-11-17</subfield>
    <subfield code="l">0</subfield>
    <subfield code="o">MAR 394.261 E176 .M19</subfield>
    <subfield code="p">FISBK02053</subfield>
    <subfield code="r">2025-11-17 13:53:32</subfield>
    <subfield code="t">2</subfield>
    <subfield code="w">2025-11-17</subfield>
    <subfield code="y">BK</subfield>
  </datafield>
</record>
